[Event "Katowice POL-HUN 4th"]
[Site "Katowice"]
[Date "2016.05.08"]
[Round "7"]
[White "Klus, Maciej"]
[Black "Piesik, Piotr"]
[Result "0-1"]
[WhiteElo "1869"]
[BlackElo "2298"]
[PlyCount "76"]
[EventDate "2016.05.07"]
[EventType "swiss (rapid)"]
[EventRounds "9"]
[EventCountry "POL"]
[SourceTitle "CBM 172 Extra"]
[Source "ChessBase"]
[SourceDate "2016.06.21"]
[SourceVersion "1"]
[SourceVersionDate "2016.06.21"]
[SourceQuality "1"]

1. d4 c5 2. d5 e5 3. c4 d6 4. e4 Be7 5. Nc3 Bg5 6. g3 Bxc1 7. Rxc1 Ne7 8. Bg2 0-0 9. Nf3 Nd7 10. 0-0 h6 11. a3 a5 12. Nh4 Nb6 13. Qe2 g5 14. Nf3 f5 15. exf5 Nxf5 16. g4 Ne7 17. Nd2 Ng6 18. Be4 Nf4 19. Qf3 Kg7 20. Qg3 Bd7 21. Rfe1 Qf6 22. Nd1 h5 23. h3 hxg4 24. hxg4 Rh8 25. Bg2 Rh4 26. Ne4 Qh6 27. f3 Rh8 28. Ndf2 Na4 29. Rc2 Rh2 30. Nd1 b5 31. b3 bxc4 32. bxc4 Nb6 33. Ne3 Rh1+ 34. Kf2 Nd3+ 35. Ke2 Nxe1 36. Rb2 Nxg2 37. Nxg2 Nxc4 38. Rb7 Rd8 0-1

[Event "POL-ch U26"]
[Site "Zabrze"]
[Date "2015.01.10"]
[Round "1"]
[White "Klus, Maciej"]
[Black "Klekowski, Maciej"]
[Result "1/2-1/2"]
[WhiteElo "1876"]
[BlackElo "2418"]
[PlyCount "135"]
[EventDate "2015.01.10"]
[EventType "swiss"]
[EventRounds "9"]
[EventCountry "POL"]
[SourceTitle "EXT 2016"]
[Source "ChessBase"]
[SourceDate "2015.10.08"]
[SourceVersion "1"]
[SourceVersionDate "2015.10.08"]
[SourceQuality "1"]

1. d4 Nf6 2. c4 e6 3. Nc3 Bb4 4. Bd2 0-0 5. Qc2 d5 6. e3 b6 7. a3 Be7 8. cxd5 exd5 9. Nf3 c5 10. Be2 Nc6 11. 0-0 Bb7 12. dxc5 bxc5 13. Na4 Ne4 14. Rfd1 Qd6 15. b4 cxb4 16. Bxb4 Nxb4 17. axb4 Rac8 18. Qb3 Qxb4 19. Rab1 Qxb3 20. Rxb3 Ba8 21. Nd4 Bh4 22. g3 Bf6 23. Rb2 g6 24. Bf3 h5 25. h4 Rc4 26. Ra2 Rb8 27. Nb2 Rc7 28. Nd3 Nc3 29. Rc1 Rbc8 30. Rac2 Bxd4 31. exd4 Ne2+ 32. Rxe2 Rxc1+ 33. Nxc1 Rxc1+ 34. Kg2 Kf8 35. Ra2 Rc7 36. Ra5 Rd7 37. Be2 Ke7 38. Kf3 Rc7 39. Bb5 Kd8 40. Ra6 Re7 41. Bc6 Re6 42. Bb5 Rxa6 43. Bxa6 Bc6 44. Kf4 Ke7 45. Ke5 f6+ 46. Kf4 Kd6 47. f3 Kc7 48. Bd3 Be8 49. g4 hxg4 50. fxg4 a5 51. g5 fxg5+ 52. hxg5 Kd6 53. Ke3 a4 54. Kd2 a3 55. Bb1 Bd7 56. Kc3 Bf5 57. Ba2 Be4 58. Kb4 Ke6 59. Kxa3 Kf5 60. Kb4 Kxg5 61. Kc5 Kf4 62. Bxd5 Bxd5 63. Kxd5 g5 64. Ke6 g4 65. d5 g3 66. d6 g2 67. d7 g1Q 68. d8Q 1/2-1/2

[Event "Karvina op"]
[Site "Karvina"]
[Date "2013.07.07"]
[Round "9"]
[White "Hurta, Jiri"]
[Black "Klus, Maciej"]
[Result "0-1"]
[WhiteElo "1883"]
[BlackElo "1800"]
[PlyCount "102"]
[EventDate "2013.06.29"]
[EventType "swiss"]
[EventRounds "9"]
[EventCountry "CZE"]
[SourceTitle "CBM 155 Extra"]
[Source "ChessBase"]
[SourceDate "2013.08.26"]
[SourceVersion "1"]
[SourceVersionDate "2013.08.26"]
[SourceQuality "1"]

1. c4 c5 2. Nc3 Nc6 3. g3 g6 4. Bg2 Bg7 5. e3 e5 6. d3 Nge7 7. Nge2 0-0 8. 0-0 f5 9. f4 d6 10. Nd5 Rb8 11. Nec3 a6 12. Bd2 Bd7 13. Rb1 Kh8 14. Nxe7 Nxe7 15. b4 b5 16. a3 bxc4 17. dxc4 e4 18. Rf2 Be6 19. Bf1 cxb4 20. axb4 Qc7 21. Nd5 Bxd5 22. cxd5 Nxd5 23. Bxa6 Qb6 24. Qe2 Nc7 25. Bc4 d5 26. Bb3 d4 27. Rff1 Nb5 28. Kh1 Rfd8 29. Rfd1 Qf6 30. Ba4 dxe3 31. Qxe3 Rd3 32. Qc5 Bf8 33. Qe5 Qxe5 34. fxe5 Na3 35. Rbc1 Bxb4 36. Bg5 Nb5 37. Rxd3 exd3 38. Bf6+ Kg8 39. Bxb5 Rxb5 40. Rc7 Rc5 41. Rg7+ Kf8 42. e6 Rc6 43. Rb7 Rxe6 44. Rxb4 d2 45. Rd4 Re1+ 46. Kg2 d1Q 47. Rxd1 Rxd1 48. h4 Kf7 49. Bg5 Ke6 50. Kf3 Kd5 51. g4 Rd3+ 0-1

[Event "Karvina op"]
[Site "Karvina"]
[Date "2013.07.03"]
[Round "5"]
[White "Fargac, Martin"]
[Black "Klus, Maciej"]
[Result "1-0"]
[WhiteElo "2148"]
[BlackElo "1800"]
[PlyCount "61"]
[EventDate "2013.06.29"]
[EventType "swiss"]
[EventRounds "9"]
[EventCountry "CZE"]
[SourceTitle "CBM 155 Extra"]
[Source "ChessBase"]
[SourceDate "2013.08.26"]
[SourceVersion "1"]
[SourceVersionDate "2013.08.26"]
[SourceQuality "1"]

1. c4 Nf6 2. g3 c5 3. Bg2 Nc6 4. Nc3 g6 5. a3 Bg7 6. d3 0-0 7. Nh3 b6 8. Nf4 a5 9. h4 h5 10. 0-0 Bb7 11. Bd2 e6 12. Rb1 Rb8 13. e3 Ne7 14. Bxb7 Rxb7 15. b4 axb4 16. axb4 Rb8 17. Qf3 Qc7 18. Rb3 Qc6 19. e4 Rfd8 20. Rfb1 d5 21. exd5 exd5 22. cxd5 Nfxd5 23. Ncxd5 Nxd5 24. bxc5 Qxc5 25. Rb5 Qc2 26. Nxd5 Qxd2 27. Ne7+ Kh7 28. Qxf7 Qxd3 29. Nxg6 Rd5 30. Qxd5 Qxg6 31. Qxh5+ 1-0

[Event "POL Region-ch U17"]
[Site "Szczyrk"]
[Date "2012.10.21"]
[Round "8.5"]
[White "Burakowski, Marek"]
[Black "Klus, Maciej"]
[Result "0-1"]
[WhiteElo "1701"]
[BlackElo "1766"]
[PlyCount "76"]
[EventDate "2012.10.14"]
[EventType "swiss"]
[EventRounds "9"]
[EventCountry "POL"]
[SourceTitle "EXT 2023"]
[Source "ChessBase"]
[SourceDate "2022.10.05"]
[SourceVersion "1"]
[SourceVersionDate "2022.10.05"]
[SourceQuality "1"]

1. e4 c6 2. d4 d5 3. Nc3 dxe4 4. Nxe4 Nd7 5. Ng3 Ngf6 6. Nf3 e6 7. Bd3 c5 8. c3 Qc7 9. Qe2 Bd6 10. 0-0 0-0 11. Ne4 Nxe4 12. Qxe4 Nf6 13. Qh4 Be7 14. Bf4 Qd8 15. Be5 g6 16. Qh6 Ne8 17. Rad1 cxd4 18. Bb5 f6 19. Bxd4 Qa5 20. a4 a6 21. b4 Qc7 22. Bxe8 Rxe8 23. Rfe1 Bf8 24. Qh4 g5 25. Qe4 e5 26. a5 Be6 27. Bb6 Qxc3 28. Rc1 Qxb4 29. Qxb7 Qb5 30. Rc7 Bd5 31. Rc5 Bxb7 32. Rxb5 axb5 33. Ra1 Rec8 34. Ne1 Rc3 35. Rd1 b4 36. Nd3 b3 37. Nb2 Ba3 38. Na4 Rc1 0-1

[Event "POL Region-ch U17"]
[Site "Szczyrk"]
[Date "2012.10.21"]
[Round "4.3"]
[White "Mroziak, Maciej"]
[Black "Klus, Maciej"]
[Result "1-0"]
[WhiteElo "2164"]
[BlackElo "1766"]
[PlyCount "53"]
[EventDate "2012.10.14"]
[EventType "swiss"]
[EventRounds "9"]
[EventCountry "POL"]
[SourceTitle "EXT 2023"]
[Source "ChessBase"]
[SourceDate "2022.10.05"]
[SourceVersion "1"]
[SourceVersionDate "2022.10.05"]
[SourceQuality "1"]

1. e4 c6 2. d4 d5 3. Nc3 dxe4 4. Nxe4 Nd7 5. Ng5 Ngf6 6. Bd3 e6 7. N1f3 h6 8. Ne4 Nxe4 9. Bxe4 Nf6 10. Bd3 Qc7 11. 0-0 Be7 12. Qe2 0-0 13. c4 c5 14. dxc5 Bxc5 15. Bd2 a5 16. Bc3 Qe7 17. Rad1 Rd8 18. Bb1 Bd7 19. Ne5 Bb4 20. Bd4 Bc5 21. Bc3 Bb4 22. Nxd7 Bxc3 23. Nb6 Ra6 24. Rxd8+ Qxd8 25. c5 Bb4 26. Rd1 Qc7 27. Qe5 1-0

[Event "POL Region-ch U17"]
[Site "Szczyrk"]
[Date "2012.10.21"]
[Round "1.2"]
[White "Paszewski, Mateusz"]
[Black "Klus, Maciej"]
[Result "1/2-1/2"]
[WhiteElo "2051"]
[BlackElo "1766"]
[PlyCount "40"]
[EventDate "2012.10.14"]
[EventType "swiss"]
[EventRounds "9"]
[EventCountry "POL"]
[SourceTitle "EXT 2023"]
[Source "ChessBase"]
[SourceDate "2022.10.05"]
[SourceVersion "1"]
[SourceVersionDate "2022.10.05"]
[SourceQuality "1"]

1. c4 c5 2. g3 Nf6 3. Bg2 Nc6 4. Nc3 g6 5. e3 Bg7 6. Nge2 d6 7. 0-0 0-0 8. b3 Rb8 9. Bb2 Bd7 10. d4 cxd4 11. Nxd4 a6 12. Rc1 Na5 13. Qe2 Nc6 14. Qd2 Qa5 15. Rfd1 Nxd4 16. Qxd4 Ng4 17. Qd5 Bxc3 18. Bxc3 Qxa2 19. Rd2 Qxb3 20. h3 Nf6 1/2-1/2

[Event "POL-chT U19 2nd League"]
[Site "Borowice"]
[Date "2012.07.25"]
[Round "6"]
[White "Klus, Maciej"]
[Black "Ulatowski, Jakub"]
[Result "1-0"]
[WhiteElo "1783"]
[BlackElo "1419"]
[PlyCount "97"]
[EventDate "2012.07.21"]
[EventType "team-swiss"]
[EventRounds "11"]
[EventCountry "POL"]
[SourceTitle "EXT 2014"]
[Source "ChessBase"]
[SourceDate "2013.11.20"]
[SourceVersion "1"]
[SourceVersionDate "2013.11.20"]
[SourceQuality "1"]
[WhiteTeam "Cieszyn MUKS SZS U19"]
[BlackTeam "Gliwice Akademia Szachowa U19"]
[WhiteTeamCountry "POL"]
[BlackTeamCountry "POL"]

1. d4 d5 2. Nf3 c6 3. e3 Nf6 4. c4 Bf5 5. Nc3 e6 6. Nh4 Bg6 7. Nxg6 fxg6 8. Bd3 Nbd7 9. g4 Ng8 10. e4 Nb6 11. c5 Nd7 12. e5 b6 13. b4 a5 14. Qc2 Ne7 15. b5 Qc7 16. bxc6 Qxc6 17. Nb5 Ng8 18. cxb6 Qxc2 19. Bxc2 Rc8 20. Ba4 Rb8 21. Nc7+ Ke7 22. Ba3+ Kf7 23. Bxd7 Bxa3 24. Bxe6+ Ke7 25. Bxg8 Rhxg8 26. Nxd5+ Ke6 27. Nf4+ Ke7 28. Rb1 Rgd8 29. d5 Bb4+ 30. Ke2 Rxb6 31. a3 Bc5 32. Rxb6 Bxb6 33. Rb1 Rb8 34. d6+ Kd7 35. Nd5 Ba7 36. Rxb8 Bxb8 37. Kd3 Ke6 38. Ke4 Ba7 39. f4 Bg1 40. f5+ gxf5+ 41. gxf5+ Kd7 42. f6 gxf6 43. Nxf6+ Ke6 44. Nxh7 Bxh2 45. Ng5+ Kd7 46. Kd5 Bf4 47. e6+ Ke8 48. d7+ Ke7 49. Nf7 1-0

[Event "Karvina op"]
[Site "Karvina"]
[Date "2011.07.08"]
[Round "7"]
[White "Klus, Maciej"]
[Black "Helis, Tadeusz"]
[Result "0-1"]
[WhiteElo "1709"]
[BlackElo "2232"]
[PlyCount "36"]
[EventDate "2011.07.02"]
[EventType "swiss"]
[EventRounds "9"]
[EventCountry "CZE"]
[SourceTitle "CBM 143 Extra"]
[Source "ChessBase"]
[SourceDate "2011.08.29"]
[SourceVersion "1"]
[SourceVersionDate "2011.08.29"]
[SourceQuality "1"]

1. d4 Nf6 2. c4 c5 3. d5 b5 4. f3 g6 5. cxb5 a6 6. e4 d6 7. Nc3 Bg7 8. Qc2 0-0 9. Bd2 axb5 10. Nxb5 Na6 11. a4 e6 12. dxe6 Bxe6 13. Bc4 Bxc4 14. Qxc4 d5 15. exd5 Nxd5 16. Ne2 Re8 17. Nbc3 Ndb4 18. Rb1 Nc2+ 0-1

[Event "Karvina op"]
[Site "Karvina"]
[Date "2011.07.02"]
[Round "1"]
[White "Klus, Maciej"]
[Black "Sobek, Jaroslav"]
[Result "0-1"]
[WhiteElo "1709"]
[BlackElo "2276"]
[PlyCount "120"]
[EventDate "2011.07.02"]
[EventType "swiss"]
[EventRounds "9"]
[EventCountry "CZE"]
[SourceTitle "CBM 143 Extra"]
[Source "ChessBase"]
[SourceDate "2011.08.29"]
[SourceVersion "1"]
[SourceVersionDate "2011.08.29"]
[SourceQuality "1"]

1. d4 Nf6 2. c4 c5 3. d5 e6 4. Nc3 exd5 5. cxd5 Bd6 6. e4 0-0 7. Bd3 Bc7 8. f4 d6 9. Nf3 Re8 10. 0-0 a6 11. a4 Bg4 12. Re1 Nbd7 13. Bd2 Nf8 14. h3 Bxf3 15. Qxf3 Ng6 16. Kh1 Nd7 17. Nd1 Qf6 18. a5 Rac8 19. Bc4 Qd4 20. Qd3 Bd8 21. Ra4 Bh4 22. Re2 Qxd3 23. Bxd3 Bg3 24. f5 Nf4 25. Bxf4 Bxf4 26. b3 g5 27. Nb2 Ne5 28. Bc2 Kg7 29. Nc4 Red8 30. Nxe5 Bxe5 31. Bd3 h5 32. Kg1 g4 33. Kf1 Kf6 34. Raa2 Rg8 35. Bc4 Bd4 36. hxg4 Rxg4 37. Ke1 Re8 38. Bd3 Bc3+ 39. Kd1 Reg8 40. Kc2 Bb4 41. Kd1 Rg3 42. Bc4 Ke5 43. Rf2 R8g4 44. Be2 Rxe4 45. Bxh5 Rxb3 46. Bxf7 Rb1+ 47. Kc2 Ree1 48. g4 c4 49. Re2+ Rxe2+ 50. Kxb1 Rxa2 51. Kxa2 Bxa5 52. Kb2 b5 53. Be6 Bd8 54. Bc8 Kxd5 55. Bxa6 Kc5 56. Bb7 d5 57. Kc2 b4 58. Ba8 Bf6 59. Bb7 b3+ 60. Kd2 c3+ 0-1